000 00197 a2200097 4500
020 _a9780375508561
041 _aeng
100 _aRichard Preston
245 _aThe demon in the freezer
942 _cBK
999 _c13981
_d13981